00343nam a22001217a 4500082001000000100002500010245009100035260002400126300001600150526001900166650001100185700002500196 aT-112 aMajor Tanveer Mahmud aAsphalt mix behavior with varied gradations and high temperaturecMajor Tanveer Mahmud aRisalpurbMCEc2001 axvi, 215.p: a0b0c0dT_112 aThesis aMajor Tanveer Mahmud